000 nam a22 7a 4500
999 _c329509
_d329509
003 ASAB
005 20170511115948.0
008 170511b xxu||||| |||| 00| 0 eng d
020 _a978-81-261-3424-3
040 _cASAB
082 _a664.8
245 _aFruit production and processing technology.
_cR.C. Upadhyaya
260 _aNew Delhi.
_bAnmol Publications pvt. Ltd.
_c2008.
300 _a264 p.
942 _2ddc
_cBK